书目信息 |
| 题名: |
林业资金稽查监管报告
|
|
| 作者: | ;国家林业局 编著 | |
| 分册: | 2012 | |
| 出版信息: | 北京 中国林业出版社 2013 |
|
| 页数: | 167页 | |
| 开本: | 29cm | |
| 丛书名: | ||
| 单 册: | ||
| 中图分类: | F326.2 | |
| 科图分类: | ||
| 主题词: | 林业经济--资金管理--监管制度--研究报告--中国--2012 , 林业经济 , 资金管理 , 监管制度 | |
| 电子资源: | ||
| ISBN: | 978-7-5038-7226-6 | |
| 000 | 00921nam0 2200265 450 | |
| 001 | 012015000139 | |
| 005 | 20150914150607.90 | |
| 010 | @a978-7-5038-7226-6@dCNY86.00 | |
| 100 | @a20140429d2013 em y0chiy50 ea | |
| 101 | 0 | @achi |
| 102 | @aCN@b110000 | |
| 105 | @ay z 000yy | |
| 106 | @ar | |
| 200 | 1 | @a林业资金稽查监管报告@Alin ye zi jin ji cha jian guan bao gao@h2012@f国家林业局林业基金管理总站编著 |
| 210 | @a北京@c中国林业出版社@d2013 | |
| 215 | @a167页@d29cm | |
| 330 | @a本书是对林业资金稽查监管机构工作成果的回顾与林业资金运行状况分析。全书设有林业资金稽查监管年度报告、林业资金稽查监管专题报告两篇。 | |
| 606 | 0 | @a林业经济@x资金管理@x监管制度@x研究报告@y中国@z2012 |
| 606 | 0 | @a林业经济 |
| 606 | 0 | @a资金管理 |
| 606 | 0 | @a监管制度 |
| 690 | @aF326.2@v5 | |
| 711 | 02 | @a国家林业局@Aguo jia lin ye ju@b林业基金管理总站@4编著 |
| 801 | 0 | @aCN@b碧洲教育@c20150716 |
| 905 | @a10447@f4@dF326.2@e160 | |
| 林业资金稽查监管报告.2012/国家林业局林业基金管理总站编著.-北京:中国林业出版社,2013 |
| 167页;29cm |
| ISBN 978-7-5038-7226-6:CNY86.00 |
| 本书是对林业资金稽查监管机构工作成果的回顾与林业资金运行状况分析。全书设有林业资金稽查监管年度报告、林业资金稽查监管专题报告两篇。 |
| ● |
| 相关链接 |
|
|
|
|
正题名:林业资金稽查监管报告
索取号:F326.2/160
 
预约/预借
| 序号 | 登录号 | 条形码 | 馆藏地/架位号 | 状态 | 备注 |
| 1 | 0870472 | 208704721 | 第一样本阅览室/ [索取号:F326.2/160] | 在馆 | |
| 2 | 0870473 | 208704730 | 第一借阅区/ [索取号:F326.2/160] | 在馆 | |
| 3 | 0870474 | 208704749 | 第一借阅区/ [索取号:F326.2/160] | 在馆 | |
| 4 | 0870475 | 208704758 | 第一借阅区/ [索取号:F326.2/160] | 在馆 |